Návrh radio-frekvenčnej prijímacej cievky pre skenery NMR horizontálnou orientáciou statického magnetického poľa B0

Salvato in:
Dettagli Bibliografici
Autore principale: Floch, Matej (Autore)
Altri autori: Gogola, Daniel (Relatore della tesi)
Natura: Manoscritto Libro
Lingua:slovacco
Pubblicazione: Bratislava : STU v Bratislave FEI, 2022
Soggetti:
Accesso online:https://opac.crzp.sk/?fn=detailBiblioFormChildYKSGK&sid=378281AEB05FBF71773CC4A6EBFA&seo=CRZP-detail-kniha
Tags: Aggiungi Tag
Nessun Tag, puoi essere il primo ad aggiungerne!!

MARC

LEADER 00000ntm a22000003a 4500
001 stuzp89128
003 SK-STU
005 20230227123330.2
007 ta
008 150427s2015----xo-----f-mn---000-0-slo-d
040 |a STU  |b slo 
041 0 |a slo 
044 |a xo 
100 1 |a Floch, Matej  |u 034000  |4 aut  |U FEI Fakulta elektrotechniky a informatiky  |T FEI Ústav elektrotechniky  |X 106019  |U E040  |Y 550  |7 106019 
242 0 1 |a Design of radio-frequency receiving coil for NMR scanners with horizontally orientated B0 static magnetic field  |y eng 
245 1 0 |a Návrh radio-frekvenčnej prijímacej cievky pre skenery NMR horizontálnou orientáciou statického magnetického poľa B0 
260 |a Bratislava :  |b STU v Bratislave FEI,  |c 2022 
300 |a 50 s. 
650 4 |a NMR  |2 slo 
650 4 |a Ladenie  |2 slo 
650 4 |a MRI  |2 slo 
650 4 |a Sedlová cievka  |2 slo 
650 4 |a Tuning  |2 eng 
650 4 |a MRI  |2 eng 
650 4 |a Saddle coil  |2 eng 
650 4 |a NMR  |2 eng 
700 1 |a Gogola, Daniel  |u 040630  |k Z8  |4 ths  |U FCHPT Fakulta chemickej a potravinárskej technológie  |T FCHPT Centrálne laboratóriá FCHPT  |X 16508  |U C0630  |Y 687  |7 A000016508 
856 4 |u https://opac.crzp.sk/?fn=detailBiblioFormChildYKSGK&sid=378281AEB05FBF71773CC4A6EBFA&seo=CRZP-detail-kniha